LIBRARY & INFORMATION CENTRE, KCAET, TAVANUR

ONLINE PUBLIC ACCESS CATALOGUE (OPAC)

Introduction to mechanics for engineers / (Record no. 2005)

MARC details
000 -LEADER
fixed length control field 00503cam a2200193ua 4500
041 ## - LANGUAGE CODE
Language code of text/sound track or separate title eng
082 ## - DEWEY DECIMAL CLASSIFICATION NUMBER
Classification number 620.1
Item number CHA/IN
100 ## - MAIN ENTRY--AUTHOR NAME
Personal name Chakrabarti, K N .
245 ## - TITLE STATEMENT
Title Introduction to mechanics for engineers /
250 ## - EDITION STATEMENT
Edition statement 1 /
260 ## - PUBLICATION, DISTRIBUTION, ETC. (IMPRINT)
Place of publication Allahabad :
Name of publisher Wheeler publishing ,
Year of publication 1983.
300 ## - PHYSICAL DESCRIPTION
Number of Pages 442 ; .
700 1# - ADDED ENTRY--PERSONAL NAME
Personal name Chakrabarti, R K .
942 ## - ADDED ENTRY ELEMENTS (KOHA)
Koha item type Books
Holdings
Withdrawn status Lost status Damaged status Home library Current library Date acquired Full call number Accession Number Koha item type
      KAUAET KAUAET 09/03/1987 620.1 CHA/IN 16006 Books
free website counter